000 00462nam a2200181Ia 4500
001 4294
005 20260306145745.0
008 260306t1998||||xx |||||||||||||| ||spa||
041 _aESP
082 _a320.5
_bM12
100 _aMacridis, Roy C.,
_eAUT
245 0 _aLas ideologías políticas contemporáneas :
_bregímenes y movimientos
260 _c1998
300 _a415 páginas :
_c24 cm.
650 _aGEN
654 _aCDE
942 _cLIB
_dJUS
_fJUS
_2ddc
_n
999 _c4294
_d4294